=LDR 00000nam 2200000 4500 =001 INLIS000000000023757 =005 20140930135005.0 =006 =007 =008 Ind =035 ##$$a 0010-061300000023757 =041 ##$$a Ind =082 ##$$a 658.404 =090 ##$$a 658.404, Nit w =100 ##$$a Nitisemito, Alex S =245 ##$$a Wawasan studi kelayakan dan evaluasi proyek, Alex S. Nitisemito =260 ##$$a 2004 $b Jakarta =300 ##$$a 101 hlm, ilus, 21 cm =650 ##$$a Proyek manajemen =850 ##$$a NBPNMAT =990 ##$$a 16231623 =990 ##$$a 01201901623 =990 ##$$a 0001/BPAP-NTB/20142014